Happiness—Concept, Measurement and Promotion (Record no. 77257)
[ view plain ]
| 000 -LEADER | |
|---|---|
| fixed length control field | 00572nam a2200181Ia 4500 |
| 008 - FIXED-LENGTH DATA ELEMENTS--GENERAL INFORMATION | |
| fixed length control field | 220705s9999||||xx |||||||||||||| ||und|| |
| 020 ## - INTERNATIONAL STANDARD BOOK NUMBER | |
| International Standard Book Number | 978-981-33-4971-1 |
| 020 ## - INTERNATIONAL STANDARD BOOK NUMBER | |
| International Standard Book Number | 978-981-33-4972-8 |
| 040 ## - CATALOGING SOURCE | |
| Transcribing agency | Springer |
| 041 ## - LANGUAGE CODE | |
| Language code of text/sound track or separate title | English |
| 100 ## - MAIN ENTRY--PERSONAL NAME | |
| Personal name | Chris Foulds |
| 100 ## - MAIN ENTRY--PERSONAL NAME | |
| Personal name | Antti Silvast |
| 245 #0 - TITLE STATEMENT | |
| Title | Happiness—Concept, Measurement and Promotion |
| 260 ## - PUBLICATION, DISTRIBUTION, ETC. | |
| Name of publisher, distributor, etc. | Springer Nature Singapore |
| Date of publication, distribution, etc. | 2022 |
| 650 ## - SUBJECT ADDED ENTRY--TOPICAL TERM | |
| Topical term | Social Sciences |
| 856 ## - ELECTRONIC LOCATION AND ACCESS | |
| DOI | <a href="https://doi.org/10.1007/978-981-33-4972-8">https://doi.org/10.1007/978-981-33-4972-8</a> |
| Uniform Resource Identifier | <a href="https://link.springer.com/openurl?genre=book&isbn=978-981-33-4972-8">https://link.springer.com/openurl?genre=book&isbn=978-981-33-4972-8</a> |
| 942 ## - ADDED ENTRY ELEMENTS (KOHA) | |
| Koha item type | E-Books |
No items available.
